[Event "5th Open"]
[Site "Sort ESP"]
[Date "2009.06.27"]
[Round "4"]
[White "Pogorelov,R"]
[Black "Movsziszian,K"]
[Result "1-0"]
[WhiteElo "2420"]
[BlackElo "2556"]

1.Nf3 g6 2.c4 Bg7 3.d4 d6 4.e4 Nf6 5.Nc3 O-O 6.Be2 Nbd7 7.O-O e5 8.Qc2 Nh5
9.Rd1 Nf4 10.Bf1 c5 11.d5 Nf6 12.Ne1 Ne8 13.g3 Nh3+ 14.Kh1 h5 15.Be3 h4 16.f3 hxg3
17.hxg3 Ng5 18.Qd2 Bf6 19.Bg2 Kg7 20.Kg1 Rh8 21.Nd3 Nc7 22.Kf2 Nh3+ 23.Ke2 b5
24.cxb5 Rb8 25.a4 a6 26.b6 Rxb6 27.b4 Rxb4 28.Nxb4 cxb4 29.Na2 a5 30.Rh1 Ba6+
31.Ke1 Ng5 32.Rxh8 Kxh8 33.Rc1 Ne8 34.Rc6 Bb7 35.Rb6 Bc8 36.Nc1 Bd7 37.Nb3 Bxa4
38.Nxa5 Bd7 39.Nc6 Qa8 40.Bxg5 Bxg5 41.Qxg5 Qa1+ 42.Kf2 Kg7 43.Qd2 Nf6 44.Qxb4 Qc1
45.Bf1 Nh5 46.Rb7 Bc8 47.Rc7 Nxg3 48.Kxg3 Qxf1 49.Qd2 Qh3+ 50.Kf2 Qh2+ 51.Ke3 Qg1+
52.Kd3 Ba6+ 53.Kc2 Qb6 54.Ra7 Bb5 55.Ra3 Qc5+ 56.Qc3 Qg1 57.Kb2 Be2 58.Qd2 Qf1
59.Qe3 Bc4 60.Rc3 Bb5 61.Rc2 Ba4 62.Qe2 Qg1 63.Rc3 Qb6+ 64.Ka3 Bb5 65.Qd2 Qa6+
66.Kb2 Bc4 67.Rxc4 Qxc4 68.Qc3 Qe2+ 69.Kb3 Kf6 70.Nb4 Kg5 71.Ka4 Kf4 72.Qc6 Qxf3
73.Qxd6 f5 74.exf5 gxf5 75.Qc7 Qd1+ 76.Kb5 Kg4 77.d6 e4 78.d7 Qe2+ 79.Qc4 Qd2
80.Qg8+  1-0

[Event "Petr Izmailov Mem"]
[Site "Tomsk RUS"]
[Date "2009.06.27"]
[Round "4"]
[White "Iskusnyh,S"]
[Black "Shomoev,A"]
[Result "1/2-1/2"]
[WhiteElo "2457"]
[BlackElo "2580"]

1.d4 Nf6 2.c4 g6 3.Nc3 Bg7 4.e4 d6 5.Be2 O-O 6.Nf3 e5 7.dxe5 dxe5 8.Qxd8 Rxd8
9.Bg5 Nbd7 10.O-O-O Rf8 11.Nd2 c6 12.Be3 Re8 13.c5 Bf8 14.Nb3 a5 15.a4 Nb8
16.Bg5 Kg7 17.Bc4 Nbd7 18.Rd3 Ng4 19.Rf3 f6 20.h3 Nh6 21.Be3 Be7 22.g4 Nf8
23.Rg3 Ne6 24.f3 Nf7 25.h4 Nf4 26.Rgg1 Nd8 27.Rh2 Nde6 28.Ne2 Rd8 29.Rd1 Rxd1+
30.Kxd1 Nxe2 31.Rxe2 Kf8 32.Rd2 Ke8 33.Kc2 Bd8 34.Rd6 Ke7 35.Rd1 Bc7 36.h5 g5  1/2-1/2

[Event "Petr Izmailov Mem"]
[Site "Tomsk RUS"]
[Date "2009.06.27"]
[Round "4"]
[White "Gutov,A"]
[Black "Kokarev,Dm"]
[Result "0-1"]
[WhiteElo "2459"]
[BlackElo "2603"]

1.d4 Nf6 2.c4 g6 3.Nc3 Bg7 4.e4 O-O 5.Nf3 d6 6.Be2 e5 7.O-O c6 8.Re1 exd4
9.Nxd4 Re8 10.Bf1 Qb6 11.h3 Nbd7 12.Be3 Qd8 13.Qc2 Nc5 14.Bg5 h6 15.Bf4 g5
16.Bh2 Ng4 17.hxg4 Bxd4 18.Rad1 Qf6 19.Rxd4 Qxd4 20.Rd1 Qg7 21.Bxd6 b6 22.f3 Be6
23.e5 Nd7 24.Re1 f6 25.exf6 Nxf6 26.c5 Bf7 27.Ne4 Nxe4 28.fxe4 Qd4+ 29.Kh1 Rad8
30.e5 Qxg4 31.Re4 Qh5+ 32.Kg1 bxc5 33.Qxc5 Bd5 34.Bc4 Qf7 35.Rd4 Bxc4 36.Rxc4 Qe6
37.Ra4 Rd7 38.Qxc6 Rf7 39.Qc4 Qf5 40.Qe4 Qf2+ 41.Kh2 Re6 42.Qg4 Re8 43.e6 Rf6
44.Re4 Qb6 45.Qd1 Rexe6 46.Rxe6 Rxe6 47.Bg3 Qc6 48.Qd8+ Kf7 49.Qd4 a6 50.Be5 h5
51.Qf2+ Kg6 52.Qd4 h4 53.Qd3+ Kh6 54.Qf5 Qe8 55.Bc3 Qe7 56.a3 Re2 57.Qf3 Kg6
58.Qd3+ Qe4 59.Qxe4+ Rxe4 60.Kh3  0-1

[Event "1st Int"]
[Site "Villa De Aranjuez ESP"]
[Date "2009.06.27"]
[Round "9"]
[White "Suba,M"]
[Black "Lopez del Alamo,An"]
[Result "1/2-1/2"]
[WhiteElo "2542"]
[BlackElo "2331"]

1.c4 Nf6 2.Nc3 g6 3.e4 d6 4.d4 Bg7 5.Be2 O-O 6.Nf3 e5 7.O-O Na6 8.Rb1 exd4
9.Nxd4 Nc5 10.f3 a5 11.Be3 Re8 12.Qd2 c6 13.Rfd1 Qe7 14.Nb3 Nfd7 15.Nxc5 dxc5
16.Re1 Nf8 17.Rbd1 Ne6 18.Bd3 Qc7 19.f4 Bd4 20.f5 Bxe3+ 21.Qxe3 Nd4 22.f6 Qe5
23.Rf1 Re6 24.Qf2 Rd6 25.Rde1 Bd7 26.Qh4 Re8 27.Nd5 cxd5 28.exd5 Qh5 29.Qf4 Ra6
30.Rxe8+ Bxe8 31.Qb8 Kf8 32.Qxb7 Rxf6 33.Rxf6 Qd1+ 34.Bf1 Ne2+ 35.Kh1 Qd4
36.Bxe2 Qxf6 37.Qb3 h5 38.h3 h4 39.Qe3 Qe7 40.Qf2 Kg7 41.Bf3 g5 42.Qd2 Qe5
43.Qxa5 Qxb2 44.Qxc5 Qc1+ 45.Kh2 Qf4+ 46.Kg1 Qc1+ 47.Kf2 Qd2+ 48.Be2 Qxa2
49.Qd4+ f6 50.c5 Bb5 51.Qe4 Bxe2 52.Qe7+ Kg6 53.Qxe2 Qxd5 54.Qc2+ Kf7 55.Qc3 Qc6
56.Qe3 Qd5 57.Qc3 Qc6 58.Qc2 Ke6 59.Ke3 f5 60.Kf2 Kf6 61.Qc4 Ke5 62.Qc2 Kf6
63.Ke3 Ke5 64.Qb2+ Kd5 65.Qd4+ Ke6 66.Kf2 Qd5 67.Qe3+ Kf6 68.Qc3+ Qe5 69.Qb4 g4
70.hxg4 fxg4  1/2-1/2

[Event "Petr Izmailov Mem"]
[Site "Tomsk RUS"]
[Date "2009.06.28"]
[Round "5"]
[White "Zenzera,A"]
[Black "Kim,Se"]
[Result "0-1"]
[WhiteElo "2085"]
[BlackElo "2299"]

1.d4 Nf6 2.c4 g6 3.Nc3 Bg7 4.e4 d6 5.Nf3 O-O 6.Be2 e5 7.O-O exd4 8.Nxd4 Re8
9.f3 Nbd7 10.Be3 c6 11.Nc2 Re6 12.Qd2 a5 13.Rab1 Qc7 14.Rfc1 Nc5 15.b3 Nfd7
16.Nd4 Re8 17.Rd1 Qd8 18.a3 Qh4 19.Bf2 Qf6 20.Bf1 h6 21.Bg3 Ne5 22.Bf2 Kh7
23.Rbc1 h5 24.Be3 Qe7 25.Bg5 Qc7 26.b4 axb4 27.axb4 Ne6 28.Be3 Nxd4 29.Bxd4 Be6
30.Nd5 cxd5 31.cxd5 Qd7 32.dxe6 Qxe6 33.Rc7 Rec8 34.Rdc1 Rxc7 35.Rxc7 Ra2
36.Qc3 Qf6 37.Kh1 Qf4 38.Qe3 Qh4 39.Rxb7 Bh6 40.Qg1 Qf4 41.Bxe5 Qxe5 42.Rxf7+ Bg7
43.Ra7 Rb2 44.Qe3 Rb1 45.Qd3 Qb2 46.Kg1 Qxb4 47.Rd7 Qb6+ 48.Kh1 Qb3 49.Qe2 Qb2
50.Rxg7+ Kxg7 51.Qxb2+ Rxb2 52.Kg1 Rd2 53.f4 Kf7 54.g3 Ke7 55.Bg2 Kd7 56.h4 Kc6
57.f5 gxf5 58.exf5+ d5 59.Bf3 Kd6 60.Bxh5 Ke5 61.Bg4 d4 62.Kf1 d3 63.Ke1 Rg2
64.Bd1 Rxg3 65.Kf2 Rh3 66.h5 Kxf5 67.Kg2 Re3 68.Kf2 Re7 69.Bf3 Re6 70.Bd1 Kf4
71.Bf3 Ra6  0-1

[Event "Petr Izmailov Mem"]
[Site "Tomsk RUS"]
[Date "2009.06.29"]
[Round "6"]
[White "Kuznetsov,E"]
[Black "Loskutov,O"]
[Result "0-1"]
[WhiteElo "2159"]
[BlackElo "2463"]

1.d4 Nf6 2.c4 g6 3.Nc3 Bg7 4.e4 d6 5.Nf3 O-O 6.Be2 e5 7.d5 a5 8.Bg5 Na6 9.Nd2 Qe8
10.O-O Kh8 11.Kh1 Bd7 12.Nb5 Ng8 13.f3 f5 14.exf5 gxf5 15.f4 Nf6 16.a4 Ng4
17.Bxg4 fxg4 18.c5 dxc5 19.Nc4 exf4 20.Re1 Qh5 21.Be7 Rf5 22.d6 f3 23.dxc7 Rd5
24.Qb3 g3 25.h4 fxg2+ 26.Kg1 Qg4 27.Ra3 Bxb5 28.Qxb5 Qh3 29.Rxg3 Qxg3 30.Qxb7 Bd4+  0-1

[Event "Petr Izmailov Mem"]
[Site "Tomsk RUS"]
[Date "2009.06.29"]
[Round "6"]
[White "Usatov,V"]
[Black "Pakhomov,E"]
[Result "0-1"]
[WhiteElo "2157"]
[BlackElo "2353"]

1.d4 Nf6 2.c4 g6 3.Nc3 Bg7 4.e4 d6 5.Nf3 O-O 6.Be2 e5 7.O-O Nbd7 8.Be3 Re8
9.d5 Nh5 10.g3 Bf8 11.Qc2 Ng7 12.Nd2 f5 13.f3 h5 14.Kh1 Be7 15.Bh6 Rf8 16.exf5 gxf5
17.f4 Qe8 18.Nf3 e4 19.Nd4 Nf6 20.h3 Kh7 21.Bg5 c5 22.Ndb5 Qd8 23.Nd1 Ng8
24.Qd2 a6 25.Nbc3 Bd7 26.Nf2 Qe8 27.Qe3 b5 28.b3 Bf6 29.Bxf6 Rxf6 30.h4 b4
31.Ncd1 Qg6 32.Nh3 Nh6 33.Ng5+ Kg8 34.a3 bxa3 35.Rxa3 Rff8 36.Qc3 Ng4 37.Bxg4 fxg4
38.Ne3 Nf5 39.Nxf5 Bxf5 40.Rfa1 Rfe8 41.Rxa6 Rxa6 42.Rxa6 e3 43.Ra1 e2 44.Re1 Qg7
45.Qxg7+ Kxg7 46.Kg1 Bc2 47.Ne6+ Kf6 48.Rxe2 Bxb3 49.Re4 Bc2 50.Re3 Bf5 51.Kf2 Rb8
52.Nc7 Bd7 53.Nb5 Bxb5 54.cxb5 Rxb5 55.Re6+ Kf5 56.Rxd6 Ke4 57.Re6+ Kxd5
58.Re5+ Kd4 59.Rxh5 Rb2+ 60.Kf1 c4 61.Rh8 c3 62.Ke1 Ke3 63.Kd1 Kf3 64.h5 Kxg3
65.h6 Kf3 66.Rc8 Rb1+ 67.Kc2 Rh1 68.Rxc3+ Kxf4 69.Rc6 g3 70.Rg6 Kf3 71.Rf6+ Ke2
72.Re6+ Kf2 73.Kd2 g2 74.Rf6+ Kg3 75.Rg6+ Kf3 76.Rf6+ Ke4  0-1

[Event "ZMD Open"]
[Site "Dresden GER"]
[Date "2009.07.01"]
[Round "8"]
[White "Stabolewski,A"]
[Black "Meissner,F"]
[Result "1-0"]
[WhiteElo "2256"]
[BlackElo "2099"]

1.Nf3 Nf6 2.c4 g6 3.Nc3 Bg7 4.e4 d6 5.d4 O-O 6.Be2 e5 7.O-O Na6 8.Be3 Ng4
9.Bg5 Qe8 10.dxe5 dxe5 11.h3 f6 12.Bd2 Nh6 13.Qc1 Nf7 14.c5 Nxc5 15.Nd5 Ne6
16.Nxc7 Nxc7 17.Qxc7 Nd8 18.Be3 Rf7 19.Qc3 Be6 20.Rfd1 Rc8 21.Qa3 a6 22.Bb6 Bf8
23.Qe3 Rd7 24.Rxd7 Bxd7 25.Rd1 Ne6 26.b3 Bb5 27.g3 Bxe2 28.Qxe2 Qc6 29.Qe3 Bc5
30.Bxc5 Qxc5 31.Qxc5 Rxc5 32.Rd6 Rc1+ 33.Kg2 Rc6 34.Rxc6 bxc6 35.Kf1 Kf7
36.Ke2 Ke7 37.Nd2 h5 38.h4 Kd6 39.Kd3 Kc7 40.Kc4 Nd8 41.b4 Nb7 42.a4 Nd6+
43.Kd3 Nb7 44.Nc4 Nd8 45.f4 Nf7 46.fxe5 fxe5 47.Ke3 Kb7 48.Kf3 Kc7 49.g4 Kb7
50.gxh5 gxh5 51.Ke3 Kc7 52.Kd3 Kb7 53.Ne3 Nh8 54.Nf5 Ng6 55.Kc4 Kb6 56.Ng7 Nxh4
57.Nxh5 Nf3 58.Nf6 Ng5 59.Nd7+ Kc7 60.Nc5 Kb6 61.a5+ Ka7 62.Kd3 Nf3 63.Nd7 Kb7
64.Ke3 Nd4 65.Kd2 Nf3+ 66.Kd3 Ne1+ 67.Kc4 Nf3 68.Nc5+ Ka7 69.Nd7 Kb7 70.Kc3 Ng5
71.Kd3 Nf3 72.Ke3 Nd4 73.Nc5+ Ka7 74.Nd3 Kb7 75.Kf2 Nc2 76.Kf3 Kc7 77.Kg4 Kd6
78.Kf5 Ne3+ 79.Kg6 Ng2 80.Nc5 Ne1 81.Kf6 Nc2 82.Nxa6 Nd4 83.Nc5  1-0

[Event "Intomart GfK Open"]
[Site "Hilversum NED"]
[Date "2009.07.01"]
[Round "5"]
[White "Spoelman,W"]
[Black "Hendriks,W"]
[Result "1-0"]
[WhiteElo "2512"]
[BlackElo "2447"]

1.d4 d6 2.Nf3 Nf6 3.c4 g6 4.Nc3 Bg7 5.e4 O-O 6.Be2 Na6 7.O-O e5 8.Be3 Ng4
9.Bg5 Qe8 10.c5 h6 11.Bh4 g5 12.Bg3 exd4 13.Nxd4 dxc5 14.Nb3 Ne5 15.Bxa6 bxa6
16.Nd5 Rb8 17.Nxc7 Qa4 18.Qd6 Nc4 19.Qxc5 Nxb2 20.Nd5 Rb5 21.Qc7 Rb7 22.Qc2 Be6
23.Rac1 Rc8 24.Qe2 Rxc1 25.Rxc1 Qb5 26.Qc2 Nd3 27.Rd1 Nb4 28.Nxb4 Qxb4 29.h4 Rd7
30.Rxd7 Bxd7 31.hxg5 hxg5 32.Qd3 Be6 33.f3 Qb5 34.Qe3 g4 35.f4 Qa4 36.f5 Bc4
37.Qg5 Kh7 38.Qh5+ Kg8 39.Qxg4 Bxb3 40.Be5  1-0

[Event "Open"]
[Site "Pula CRO"]
[Date "2009.07.01"]
[Round "6"]
[White "Loncar,R"]
[Black "Stocko,J"]
[Result "1-0"]
[WhiteElo "2435"]
[BlackElo "2100"]

1.d4 Nf6 2.c4 d6 3.Nf3 g6 4.Nc3 Bg7 5.e4 O-O 6.Be2 Nbd7 7.O-O e5 8.Be3 c6
9.d5 c5 10.a3 h6 11.g3 Ng4 12.Bd2 Kh7 13.Nh4 Ngf6 14.Qc2 a6 15.Rab1 Ng8 16.b4 Ne7
17.Bd3 b6 18.Rb2 Qc7 19.Na4 Rb8 20.Rfb1 b5 21.bxc5 bxa4 22.Rxb8 Nxb8 23.cxd6 Qxd6
24.c5 Qc7 25.d6 Qa7 26.dxe7 Re8 27.Qxa4 Rxe7 28.Be3 Qc7 29.Rb6 Bf8 30.Bc4 Bh3
31.c6 f5 32.Bd5 f4 33.gxf4 exf4 34.Bd4 f3 35.Qb3 Bg7 36.Bg8+ Kh8 37.Nxg6+  1-0

[Event "5th Open"]
[Site "Sort ESP"]
[Date "2009.07.01"]
[Round "8"]
[White "Roeder,M"]
[Black "Kohlweyer,B"]
[Result "1/2-1/2"]
[WhiteElo "2426"]
[BlackElo "2435"]

1.d4 Nf6 2.c4 g6 3.Nf3 Bg7 4.Nc3 O-O 5.e4 d6 6.Be2 e5 7.dxe5 dxe5 8.Qxd8 Rxd8
9.Bg5 Re8 10.Nd5 Nxd5 11.cxd5 c6 12.Bc4 b5 13.Bb3 Bb7 14.Rc1 a5 15.a3 a4
16.Ba2 Bf8 17.Nd2 c5 18.Be3  1/2-1/2

[Event "Petr Izmailov Mem"]
[Site "Tomsk RUS"]
[Date "2009.07.01"]
[Round "8"]
[White "Peregudov,N"]
[Black "Kokarev,Dm"]
[Result "0-1"]
[WhiteElo "2403"]
[BlackElo "2603"]

1.d4 Nf6 2.c4 g6 3.Nc3 Bg7 4.e4 O-O 5.Nf3 d6 6.Be2 c6 7.O-O e5 8.d5 Na6 9.Bd3 Ng4
10.Bg5 f6 11.Bh4 c5 12.Ne1 h5 13.a3 Bd7 14.Rb1 Qe7 15.Nf3 g5 16.Bg3 h4 17.h3 hxg3
18.hxg4 gxf2+ 19.Rxf2 Bxg4 20.Be2 Bxf3 21.Bxf3 Kf7 22.Qa4 Rh8 23.Nb5 Rh7
24.Rd1 Rah8 25.Nxa7 Rh1+  0-1

[Event "Petr Izmailov Mem"]
[Site "Tomsk RUS"]
[Date "2009.07.02"]
[Round "9"]
[White "Gnusarev,P"]
[Black "Kim,Se"]
[Result "1/2-1/2"]
[WhiteElo "2373"]
[BlackElo "2299"]

1.d4 Nf6 2.c4 g6 3.Nc3 Bg7 4.e4 d6 5.Nf3 O-O 6.Be2 e5 7.Be3 exd4 8.Nxd4 Re8
9.f3 c6 10.Bf2 Nbd7 11.O-O a5 12.Qd2 a4 13.Rfd1 Qa5 14.Nc2 Re6 15.b4 Qc7
16.Rac1 Ne5 17.h3 h6 18.Ne3 Kh7 19.Ncd5 Qd8 20.Nf4 Re8 21.c5 g5 22.Nd3 dxc5
23.bxc5 Ng6 24.Nc4 Be6 25.Nd6 Re7 26.Qc2  1/2-1/2

[Event "XVII Open"]
[Site "Montcada i Reixac ESP"]
[Date "2009.07.03"]
[Round "8"]
[White "Panelo,M"]
[Black "Llaneza Vega,P"]
[Result "1-0"]
[WhiteElo "2425"]
[BlackElo "2229"]

1.d4 Nf6 2.c4 g6 3.Nc3 Bg7 4.e4 d6 5.Nf3 O-O 6.Be2 e5 7.O-O Na6 8.Be3 Ng4
9.Bg5 Qe8 10.Re1 exd4 11.Nd5 d3 12.Bxd3 c6 13.Ne7+ Kh8 14.Nxc8 Rxc8 15.Bf1 Qe6
16.Qd2 Nc5 17.h3 Ne5 18.Nd4 Qd7 19.Rad1 Ned3 20.Bxd3 Bxd4 21.e5 Bxe5 22.Rxe5 f6
23.Rxc5 dxc5 24.Be3 b6 25.Qc3 Qf7 26.Be4 Rcd8 27.Rxd8 Rxd8 28.g4 Rd6 29.a3 Qe7
30.Bf3 a5 31.Kg2 Kg7 32.Qb3 Qd8 33.Qc2 Qe7 34.b4 cxb4 35.c5 Re6 36.axb4 b5
37.bxa5 Qc7 38.Qa2 Re8 39.a6 Ra8 40.Qe6 Rxa6 41.Bh6+ Kxh6 42.Qxf6  1-0

[Event "Helmut Kohls IM"]
[Site "Dortmund GER"]
[Date "2009.07.04"]
[Round "2"]
[White "Savchenko,Via"]
[Black "Schaefer,Mark"]
[Result "1/2-1/2"]
[WhiteElo "2429"]
[BlackElo "2378"]

1.d4 Nf6 2.c4 g6 3.Nc3 Bg7 4.e4 d6 5.Nf3 O-O 6.Be2 Na6 7.O-O e5 8.Be3 Ng4
9.Bg5 Qe8 10.dxe5 dxe5 11.h3 h6 12.Bd2 Nf6 13.Be3 Nd7 14.Re1 Ndc5 15.b4 Ne6
16.a3 b6 17.Ra2 Bb7 18.c5 bxc5 19.b5 Nb8 20.Nd5 Nd7 21.Rd2 Nb6 22.Qc1 Nxd5
23.exd5 Nd4 24.Bxd4 cxd4 25.Bc4 Qd8 26.Nxe5 Qd6 27.Nc6 Rae8 28.Rd3 Kh7 29.Rf3 Bxc6
30.dxc6 f5 31.Qb1 Re5 32.Rxe5 Qxe5 33.a4 Re8 34.g4 fxg4 35.hxg4 Qg5 36.Bf7 Re7
37.Kg2 Be5 38.Qe4 d3 39.Bb3 d2 40.Rd3 h5 41.Rd7 Rg7 42.Bd1 hxg4 43.Qxg4 Qxg4+
44.Bxg4 Rxd7 45.cxd7 Bf6 46.Kf1 Kg7 47.Ke2 Kf7 48.Kxd2 Ke7 49.Kd3 Kd6 50.Ke4 c6
51.bxc6 Kxc6 52.Be6 Kd6 53.Bf7 g5 54.Kf5 Bd8 55.Be8  1/2-1/2

[Event "Open"]
[Site "Pula CRO"]
[Date "2009.07.04"]
[Round "9"]
[White "Smith,Ax"]
[Black "Jankovic,A"]
[Result "0-1"]
[WhiteElo "2383"]
[BlackElo "2540"]

1.d4 Nf6 2.Nf3 g6 3.c4 Bg7 4.Nc3 O-O 5.e4 d6 6.Be2 Na6 7.O-O e5 8.Be3 c6
9.d5 Ng4 10.Bg5 f6 11.Bh4 c5 12.Ne1 Nh6 13.Nd3 g5 14.Bg3 f5 15.f3 f4 16.Bf2 Nf7
17.Rb1 h5 18.b4 b6 19.bxc5 Nxc5 20.Nb4 Nh6 21.Nc6 Qf6 22.a4 Rf7 23.a5 bxa5
24.Bxc5 dxc5 25.d6 Be6 26.Ne7+ Kh7 27.Ncd5 Bxd5 28.Qxd5 Rd8 29.Rfd1 Bf8 30.Qxc5 Bxe7
31.dxe7 Qxe7 32.Qxe7 Rxd1+ 33.Rxd1 Rxe7 34.Ra1 Nf7 35.Rxa5 Nd8 36.Rd5 Nc6
37.c5 Nd4 38.Ba6 Kg7 39.Bc8 Rc7 40.Bd7 Kf6 41.Ba4 g4 42.fxg4 hxg4 43.Bd1 g3
44.Rd6+ Kg5 45.Rd5 Re7 46.hxg3 fxg3 47.c6 Nxc6 48.Rd3 Kf4 49.Rf3+ Kxe4 50.Rxg3 Nd4
51.Ra3 Rf7 52.Kh2 Nb5 53.Ra4+ Kd3 54.Bf3 Nc3 55.Ra3 Rc7 56.g4 e4 57.Bg2 e3
58.Bf3 e2 59.Bxe2+ Kxe2 60.Kg3 Kd3 61.g5 Kc4 62.Kg4 Kb4 63.Ra6 Kb5 64.Ra1 a5
65.g6 a4 66.Kh5 Nd5 67.Rb1+ Ka5 68.Rf1 a3 69.Rf5 Rc5 70.Kh6 a2 71.g7 a1=Q
72.g8=Q Qh1+ 73.Kg7 Qg2+ 74.Kh8 Qxg8+ 75.Kxg8 Ne7+  0-1

[Event "Open"]
[Site "Pula CRO"]
[Date "2009.07.04"]
[Round "9"]
[White "Doric,D"]
[Black "Pomaro,A"]
[Result "1/2-1/2"]
[WhiteElo "2468"]
[BlackElo "2278"]

1.d4 Nf6 2.c4 g6 3.Nc3 Bg7 4.e4 d6 5.Nf3 O-O 6.Be2 e5 7.O-O exd4 8.Nxd4 Re8
9.f3 c6 10.Kh1 Na6 11.Bg5 h6 12.Bh4 Nc5 13.Bf2 a5 14.Re1 Nh5 15.Qd2 f5 16.exf5 gxf5
17.Bd3 Nxd3 18.Qxd3 Re5 19.Nde2 Re8 20.Ng3 Rxe1+ 21.Rxe1 Nf4 22.Qd2 Ng6 23.Nh5 Qg5
24.Qxg5 hxg5 25.Nxg7 Kxg7 26.Na4 Kf7 27.Nb6 Rb8 28.Be3 f4 29.Bd2 Ne5 30.Bxa5 Nd3
31.Re2 Bf5 32.b3 Re8 33.Rxe8 Kxe8 34.Bd2 Ne5 35.Na4 Kd7 36.Nc3 Ke6 37.Kg1 Bd3
38.h4 gxh4 39.Bxf4 Ng6 40.Bg5 Ke5 41.Kf2 d5 42.cxd5 cxd5 43.Ke3 Bf1 44.Kf2 h3
45.gxh3 Bxh3 46.Bh6 Bd7 47.Bg7+ Ke6 48.Ke3 Kf7 49.Bd4 Bc6 50.Ba7 Nh4 51.Ne2 Nf5+
52.Kf4 Ke6 53.a4 Bd7 54.Bc5 Bc6 55.Bd4 Bd7 56.Bb2 Kd6 57.Kg5 Kc5 58.Ba3+ Kc6
59.Kf4 d4 60.Ke4 Be6 61.b4 Nd6+ 62.Kxd4 Nc4 63.Bc1 Nb6 64.Nc3 Bb3 65.a5 Nc4
66.Bh6 Nd6 67.Bf8 Nf5+ 68.Ke5 Nh4 69.Ke4 Bc2+ 70.Ke3 Ng6 71.Bc5 Ne5 72.Bd4 Nc4+
73.Ke2 Nd6 74.Bc5 Nc4 75.f4 Nxa5 76.Kd2 Bf5 77.Ke3 Nb3 78.Bf8 Kd7 79.Ne2 Ke8
80.Bc5 Kd7 81.Ng3 Bh7 82.Bd4 Ke6 83.Bg7 Nc1 84.Bf8 Kf7 85.Bc5 Na2 86.Ne4 Bxe4
87.Kxe4 b6 88.b5 Nc3+  1/2-1/2

[Event "37th Greek Teams"]
[Site "Kallithea GRE"]
[Date "2009.07.05"]
[Round "4"]
[White "Halkias,S"]
[Black "Georgiev,Kr"]
[Result "1-0"]
[WhiteElo "2564"]
[BlackElo "2430"]

1.d4 Nf6 2.c4 g6 3.Nc3 Bg7 4.e4 d6 5.Nf3 O-O 6.Be2 e5 7.Be3 Qe7 8.dxe5 dxe5
9.Nd5 Qd8 10.Bc5 Nxe4 11.Be7 Qd7 12.Bxf8 Kxf8 13.Qd3 f5 14.Qa3+ Kg8 15.Rd1 Nc6
16.Nf6+ Nxf6 17.Rxd7 Bxd7 18.c5 Be6 19.O-O e4 20.Ng5 Bd5 21.Rd1 h6 22.Rxd5 Nxd5
23.Ne6 Kh7 24.Qb3 Nde7 25.Nxg7 Kxg7 26.Qc3+ Kh7 27.Qf6 h5 28.b4 a6 29.h3 Rd8
30.Bc4 Kh6 31.h4 Kh7 32.g3 Ng8 33.Qf7+ Kh6 34.Qxc7 Nf6 35.Qxb7 Rd1+ 36.Kg2 f4
37.gxf4 Nd4 38.Qb8 Nf3 39.Qh8+ Nh7 40.Bf1 Nxh4+ 41.Kh3 Rxf1 42.Kxh4 Rxf2
43.Kg3 e3 44.Qe5 h4+ 45.Kxh4 Rxf4+ 46.Kg3 Rxb4 47.c6 Rc4 48.Qxe3+ Ng5 49.Qe8 Ne4+
50.Kg2 Nc3 51.Qh8+ Kg5 52.Qe5+  1-0

[Event "8th Open"]
[Site "La Fere FRA"]
[Date "2009.07.05"]
[Round "2"]
[White "Mestdagh,F"]
[Black "Ahlers,B"]
[Result "0-1"]
[WhiteElo "1937"]
[BlackElo "2136"]

1.Nf3 Nf6 2.d4 g6 3.c4 Bg7 4.Nc3 O-O 5.e4 d6 6.Be2 e5 7.dxe5 dxe5 8.Qxd8 Rxd8
9.Nd5 Nxd5 10.cxd5 c6 11.Bc4 cxd5 12.Bxd5 Nd7 13.Ng5 Rf8 14.Be3 h6 15.Nf3 Nf6
16.O-O-O Nxd5 17.Rxd5 Be6 18.Rd3 b6 19.Nd2 Rac8+ 20.Kb1 Rc7 21.Nb3 Kh7 22.Rc1 Rxc1+
23.Nxc1 Rc8 24.Ne2 Bf8 25.Nc3 f5 26.f3 Kg7 27.b3 f4 28.Bf2 Ba3 29.Ne2 Rc7
30.Rd6 Rd7 31.Kc2 Bb4 32.Rd3 Rc7+ 33.Nc3 Bc8 34.Kb2 Ba6 35.Nd5 Bxd3 36.Nxc7 Bf1
37.g3 g5 38.Kc2 Be2 39.h4 Bxf3 40.Kd3 Kf7 41.hxg5 hxg5 42.gxf4 exf4 43.Nb5 g4
44.Nxa7 Bc5 45.Bxc5 bxc5 46.Nc6 Ke6  0-1

[Event "XXXII Open"]
[Site "Barbera ESP"]
[Date "2009.07.06"]
[Round "3"]
[White "Camarena Gimenez,R"]
[Black "Lopez Martinez,Josep"]
[Result "0-1"]
[WhiteElo "2402"]
[BlackElo "2555"]

1.d4 Nf6 2.c4 g6 3.Nc3 Bg7 4.e4 d6 5.Nf3 O-O 6.Be2 e5 7.d5 a5 8.Bg5 Qe8 9.Nd2 Na6
10.a3 Bd7 11.b3 c5 12.h4 h6 13.Bxf6 Bxf6 14.Bg4 h5 15.Bxd7 Qxd7 16.g3 Bg7
17.Rb1 Bh6 18.O-O Qh3 19.Nb5 Rad8 20.Qe2 f5 21.exf5 gxf5 22.Qxh5 Bxd2 23.Qg6+ Kh8
24.Nxd6 Rd7 25.Qe6 Rg7 26.Qxe5 Nc7 27.Rfd1 f4 28.Qh5+ Kg8  0-1

[Event "8th Open"]
[Site "La Fere FRA"]
[Date "2009.07.06"]
[Round "3"]
[White "Brelot,L"]
[Black "Paillard,M"]
[Result "1/2-1/2"]
[WhiteElo "1756"]
[BlackElo "1462"]

1.d4 Nf6 2.c4 g6 3.Nc3 Bg7 4.e4 d6 5.Nf3 O-O 6.Be2 e5 7.d5 Nbd7 8.O-O Nc5
9.Qc2 Ne8 10.Ne1 f5 11.f3 f4 12.Nd3 Nxd3 13.Bxd3 Qg5 14.Kh1 Qh4 15.Qf2 Qxf2
16.Rxf2 g5 17.b4 a5 18.b5 b6 19.a4 Nf6 20.Ne2 Nd7 21.Ba3 h5 22.Kg1 Nf6  1/2-1/2

[Event "1st WCT GM"]
[Site "Moscow RUS"]
[Date "2009.07.08"]
[Round "5"]
[White "Gavrilov,Al1"]
[Black "Filinberg,D"]
[Result "1-0"]
[WhiteElo "2480"]
[BlackElo "2343"]

1.d4 Nf6 2.c4 g6 3.Nc3 Bg7 4.e4 d6 5.Nf3 O-O 6.Be2 e5 7.Be3 exd4 8.Nxd4 Re8
9.f3 c6 10.Bf2 d5 11.exd5 cxd5 12.O-O Nc6 13.c5 a6 14.Re1 Re5 15.Na4 Nh5
16.Nb6 Rb8 17.Qd2 Qg5 18.Qxg5 Rxg5 19.Nxc6 bxc6 20.g4  1-0

[Event "IM"]
[Site "Saint-Lo FRA"]
[Date "2009.07.08"]
[Round "2"]
[White "Tripoteau,N"]
[Black "Lagarde,Max"]
[Result "1-0"]
[WhiteElo "2398"]
[BlackElo "2352"]

1.d4 Nf6 2.c4 g6 3.Nc3 Bg7 4.e4 d6 5.Nf3 O-O 6.Be2 Na6 7.O-O e5 8.Re1 c6
9.Bf1 Re8 10.d5 c5 11.a3 Ng4 12.g3 f5 13.Ng5 Nf6 14.Ne6 Bxe6 15.dxe6 Nc7
16.exf5 gxf5 17.Bh3 Nxe6 18.Bxf5 Nd4 19.Be4 Nxe4 20.Rxe4 b5 21.Nxb5 d5 22.Rh4 dxc4
23.Qh5 Qf6 24.Nxd4 cxd4 25.Qxh7+ Kf7 26.Rh6 Qf3 27.Rg6 Qd1+ 28.Kg2 Rg8 29.Bh6 Qd3
30.Rxg7+ Rxg7 31.Qxg7+ Ke6 32.Re1  1-0

[Event "FSGM July"]
[Site "Budapest HUN"]
[Date "2009.07.09"]
[Round "6"]
[White "Flumbort,A"]
[Black "Ilincic,Z"]
[Result "1-0"]
[WhiteElo "2507"]
[BlackElo "2479"]

1.d4 Nf6 2.c4 g6 3.Nc3 Bg7 4.e4 d6 5.Nf3 O-O 6.Be2 e5 7.O-O Nh5 8.g3 Bh3
9.Re1 exd4 10.Nxd4 Nf6 11.Bg5 h6 12.Be3 Nbd7 13.Qd2 h5 14.f3 Ne5 15.Rad1 Qd7
16.Nb3 b6 17.Nd5 Rfe8 18.Nd4 a6 19.Bh6 Nh7 20.Bxg7 Kxg7 21.f4 Nc6 22.Bf3 Bg4
23.Bxg4 hxg4 24.Kg2 Rad8 25.Nxc6 Qxc6 26.b4 Kg8 27.b5 Qxc4 28.Rc1 Qa4 29.f5 g5
30.Rxc7 Rxe4 31.Nc3 Rd4 32.Qf2 Qb4 33.a3  1-0

[Event "ch-SUI"]
[Site "Graechen SUI"]
[Date "2009.07.09"]
[Round "1"]
[White "Steenhuis,J"]
[Black "Gerber,R"]
[Result "0-1"]
[WhiteElo "2007"]
[BlackElo "2388"]

1.d4 Nf6 2.c4 g6 3.Nc3 Bg7 4.e4 O-O 5.Nf3 d6 6.Be2 e5 7.O-O Nbd7 8.Be3 h6
9.Ne1 exd4 10.Bxd4 Re8 11.f3 a6 12.Kh1 c6 13.a4 a5 14.Be3 Qe7 15.Qd2 Kh7
16.Rd1 Bf8 17.Nd3 Ne5 18.Nf2 Be6 19.b3 Ned7 20.f4 Nc5 21.Bxc5 dxc5 22.e5 Ng8
23.Nce4 Red8 24.Nd6 Qc7 25.Nfe4 Rd7 26.Nxc5 Rdd8 27.Nxe6 fxe6 28.Bg4 Qe7
29.Qe3 Rd7 30.Rd3 Rad8 31.Rfd1 h5 32.Qh3 Nh6 33.Bxe6 Rc7 34.c5 Bg7 35.g4 Qxe6
36.f5 gxf5 37.gxf5 Qxe5 38.Qxh5 Rf8 39.Qg6+ Kg8 40.Rh3 Qf4 41.Rg1 Kh8 42.Rh5 Re7
43.Rhg5 Qf3+ 44.R5g2 Rf6 45.Qg5 Nxf5 46.h4 Qh3+ 47.Rh2 Qf3+ 48.Rhg2 Nxh4  0-1

[Event "Summer IM"]
[Site "Aarhus DEN"]
[Date "2009.07.10"]
[Round "3"]
[White "Kristiansen,Jen"]
[Black "Igla,B"]
[Result "1-0"]
[WhiteElo "2435"]
[BlackElo "2235"]

1.d4 Nf6 2.Nf3 g6 3.c4 Bg7 4.Nc3 O-O 5.e4 d6 6.Be2 Nbd7 7.O-O e5 8.Be3 c6
9.d5 c5 10.Ne1 Ne8 11.g4 Rb8 12.Rb1 Nc7 13.a3 b5 14.cxb5 a6 15.a4 axb5 16.axb5 f5
17.gxf5 gxf5 18.exf5 Nf6 19.Bd3 Kh8 20.Bg5 Qe8 21.Bxf6 Bxf6 22.Ng2 Rg8 23.Kh1 c4
24.Be4 Qf8 25.Ne3 Bg5 26.Qf3 Qh6 27.Rg1 Bd7 28.Rg3 Bf4 29.Rh3 Qf6 30.Qh5 h6
31.Ng4 Rxg4 32.Qxg4 Rg8 33.Qh5 Nxb5 34.Nxb5 Bxb5 35.Rg1 Bg5 36.Rhg3 Be8 37.Qe2 Rf8
38.Qxc4 Bf4 39.Rh3  1-0

[Event "19th Heart of Finland Open"]
[Site "Jyvaskyla FIN"]
[Date "2009.07.10"]
[Round "6"]
[White "Franssila,T"]
[Black "Novik,Ma"]
[Result "1/2-1/2"]
[WhiteElo "2266"]
[BlackElo "2470"]

1.d4 Nf6 2.c4 g6 3.Nc3 Bg7 4.e4 d6 5.Nf3 O-O 6.Be2 e5 7.dxe5 dxe5 8.Qxd8 Rxd8
9.Bg5 Na6 10.Nd5 Rd6 11.Nd2 c6 12.Nxf6+ Bxf6 13.Be3 Nb4 14.O-O-O Be6 15.a3 Nd3+
16.Kc2 Nf4 17.Bf3 h5 18.g3 Nh3 19.Kc3 Bg5 20.c5 Bxe3 21.fxe3 Rdd8 22.Rhf1 Kg7
23.Nc4 Ng5 24.Nxe5 Bh3 25.Rxd8 Rxd8 26.Rf2 Re8 27.Nc4 Rxe4 28.Kd3 Re7 29.Nd6 b6
30.Bxc6 bxc5 31.Ne8+ Kh6 32.Nf6 Rc7 33.Bd5 Be6  1/2-1/2

[Event "12th Festival IM"]
[Site "Bischwiller FRA"]
[Date "2009.07.11"]
[Round "8"]
[White "Heinz,Ti"]
[Black "Hirneise,J"]
[Result "1-0"]
[WhiteElo "2279"]
[BlackElo "2284"]

1.d4 Nf6 2.c4 g6 3.Nc3 Bg7 4.e4 d6 5.Nf3 O-O 6.Be2 e5 7.d5 a5 8.h3 Na6 9.Bg5 Bd7
10.Nd2 c6 11.O-O Kh8 12.a3 c5 13.g4 h6 14.Be3 Ng8 15.Kh2 Qe7 16.Bd3 f6 17.Rg1 Rf7
18.Qe2 Raf8 19.Rg2 Qd8 20.Nf1 Ne7 21.Ng3 Ng8 22.Rh1 Ne7 23.Rhg1 Ng8 24.Rh1 Ne7
25.Kg1 f5 26.gxf5 gxf5 27.exf5 Nxf5 28.Nxf5 Bxf5 29.Bxf5 Rxf5 30.Ne4 Rf3
31.Nd2 R3f7 32.Qh5 Nc7 33.Ne4 Rf4 34.Bxf4 exf4 35.Kh2 Qe7 36.Rhg1 Ne8 37.Rxg7 Nxg7
38.Qxh6+ Kg8 39.Ng5  1-0